Movies Quiz

Random Movies or Quote Quiz

8 to 1: Famous Quotes in Movies II Quiz Stats

 Plays Quiz Updated Mar 19, 2018

Score 0/36 Timer 05:00
0 Plays Today
% Correct
Infinity
91.7%
Beyond
91.2%
To
90.2%
And
88.9%
And
87.8%
Shirley
87.6%
And
86.9%
Lions
86.9%
Call
86.1%
Alive
85.8%
Tigers
85.7%
Bears
85.7%
Don't
85.5%
And
85.4%
Handle
84.9%
Can't
84.4%
Me
84.2%
Truth
84.1%
% Correct
Oh
83.5%
You
83.3%
The
83.1%
My
82.2%
It's
81.1%
Serious
80.5%
The
80.4%
Cannoli
78.7%
Gun
77.4%
The
77%
Take
75.3%
Leave
74.9%
I
73.8%
Groovy
73.8%
Am
72.6%
Walkin'
72.2%
Here
70.4%
I'm
70.2%

You're not logged in!

Compare scores with friends on all Sporcle quizzes.
OR
Log In

Sporcle TV

Today on Sporcle TV


Watch our educational content, quiz creation guides, and fun videos on Sporcle TV.

Show Comments

Extras

Top Quizzes Today


Score Distribution

Your Account Isn't Verified!

In order to create a playlist on Sporcle, you need to verify the email address you used during registration. Go to your Sporcle Settings to finish the process.

Report this User

Report this user for behavior that violates our Community Guidelines.

Details: